1946 1540 1901 1408 1791 1761 1279 1672 1096 1457 1311 1162 1579 1075 1984 1195 1298 1036 1063 1624 1032 1357 1184 1481 1801 1576 1954 1104 1951 1369 1040 1863 1301 1538 1343 1218 1546 1688 1605 1011 1106 1518 1326 1593 1802 1210 1527 1181 1971 1192 1880 1690 1986 1157 1547 1996 1757 1713 1135 1359 1267 1780 1642 1623 1680 1927 1226 1986 1996 1802 1311 1195 1310 1150 1213 1384 1079 1274 1124 1334 1713 1363 1879 1150 1491 1416 1750 1870 1518 1506 1529 1211 1053 1330 1383 1982 1926 1035 1694 BCNSPRNW ULIB Ver.6.0+V

เปลี่ยนเป็นภาษาไทย

Change to English
 แสดงรายละเอียดบรรณานุกรม
  กลับหน้าหลัก

Brief Record : Get Marc (ISO 2709) : E-mail record : QR code < ปิดหน้าต่าง
LEADER : 00000nam 2200000uu 4500
001    13399124642
003     ULIB
008    151109s2554||||th 000 0 tha d
060  4 ^aWY18^bก461
111 2  ^aการสัมมนาวิชาการวิธีปฏิบัติงานที่ดี good Practice การแลกเปลี่ยนความรู้ทั้งภายในและภายนอกองค์กรเพื่อเสริมสร้างนวัตกรรมด้านการพัฒนาการประกันคุณภาพการศึกษาโดยพัฒนาการปฏิบัติงานที่ดี ( Good practice )^d(2554 : นนทบุรี)
245 10 ^aเอกสารประกอบการนำเสนอในการสัมมนาวิชาการวิธีปฏิบัติงานที่ดี good Practice การแลกเปลี่ยนความรู้ทั้งภายในและภายนอกองค์กรเพื่อเสริมสร้างนวัตกรรมด้านการพัฒนาการประกันคุณภาพการศึกษาโดยพัฒนาการปฏิบัติงานที่ดี (Good practice) วันที่ 24-25 มกราคม 2554 ณ โรงแรมเอเชีย แอร์พอร์ต
246 30 ^aการสัมมนาวิชาการวิธีปฏิบัติงานที่ดี good Practice การแลกเปลี่ยนความรู้ทั้งภายในและภายนอกองค์กรเพื่อเสริมสร้างนวัตกรรมด้านการพัฒนาการประกันคุณภาพการศึกษาโดยพัฒนาการปฏิบัติงานที่ดี (Good practice)
260    ^a[นนทบุรี] :^bฝ่ายประกันคุณภาพการศึกษา ส่วนพัฒนาการศึกษาสถาบันพระบรมราชชนก สำนักงานปลัดกระทรวง กระทรวงสาธารณสุข,^c2554
300    ^a335 หน้า:^bภาพประกอบ ;^c29 ซม.
650  2 ^aGood Practice
650  7 ^aวิธีปฏิบัติงานที่ดี^vการประชุม
710 2  ^aสถาบันพระบรมราชชนก
945    ^p0^l0^i000185
999    ^aเกษร โพธิ์สุวรรณ
รายการนี้ยังไม่มีแท็ก
คุณยังไม่ได้ล็อกอิน คุณสามารถมีกิจกรรมร่วมกับเว็บไซต์ได้ แต่ต้องล็อกอินก่อน ::
  ล็อกอิน

รายการสื่อสารสนเทศ

ลำดับที่ ประเภท เลขเรียก/บาร์โค้ด สถานที่ สถานะ
1. วิทยาศาสตร์การแพทย์ และสุขภาพ
หนังสือสำรอง
สถานะ=หนังสือสำรอง
WY18 ก461 ฉ.1 
  Barcode: 000185
ห้องสมุดวิทยาเขตสวรรค์ประชารักษ์
►ส่วนจัดเก็บหนังสือเก่า สปร
บนชั้น
  ขอยืม

รายการใกล้เคียง
    หัวเรื่อง [Good Practice]

BibComment


ยังไม่เคยถูกคอมเมนท์

คอมเมนท์ทรัพยากรรายการนี้
  คอมเมนท์: เอกสารประกอบการน..


 Copyright 2026. Bcnsprnw @Library